| 000 -CABECERA |
| Longitud fija campo de control |
00946nas a22002657a 4500 |
| 003 - IDENTIFICADOR DEL NÚMERO DE CONTROL |
| Identificador del número de control |
OSt |
| 005 - FECHA Y HORA DE LA ÚLTIMA TRANSACCIÓN |
| Fecha y hora de la última transacción |
20151110104248.0 |
| 008 - CÓDIGOS DE INFORMACIÓN DE LONGITUD FIJA |
| Códigos de información de longitud fija |
130703c2005 sp ar||| |||| 00| 0 s d |
| 022 ## - NÚMERO INTERNACIONAL NORMALIZADO PARA PUBLICACIONES SERIADAS |
| Número Internacional Normalizado para Publicaciones Seriadas |
1885-365X |
| 040 ## - FUENTE DE LA CATALOGACIÓN |
| Centro transcriptor |
CDMR |
| Lengua de catalogación |
cat |
| 245 00 - MENCIÓN DE TÍTULO |
| Título |
Comunicación y hombre |
| Resto del título |
: revista interdisciplinar de ciencias de la comunicación y humanidades |
| 260 ## - PUBLICACIÓN, DISTRIBUCIÓN, ETC. (PIE DE IMPRENTA) |
| Lugar de publicación, distribución, etc. |
Pozuelo de Alarcón (Madrid) |
| Nombre del editor, distribuidor, etc. |
Universidad Francisco de Vitoria |
| Fecha de publicación, distribución, etc. |
2005- |
| 300 ## - DESCRIPCIÓN FÍSICA |
| Extensión |
v. |
| 310 ## - PERIODICIDAD ACTUAL |
| Periodicidad actual |
Anual |
| 362 ## - FECHAS DE PUBLICACIÓN Y/O DESIGNACIÓN SECUENCIAL |
| Fecha de publicación y/o designación secuencial |
Núm. 1 (2005) - |
| 650 04 - PUNTO DE ACCESO ADICIONAL DE MATERIA - TÉRMINO DE MATERIA |
| 9 (RLIN) |
3919 |
| Término de materia o nombre geográfico como elemento inicial |
Periodisme |
| Subdivisión de forma |
Revistes |
| 650 04 - PUNTO DE ACCESO ADICIONAL DE MATERIA - TÉRMINO DE MATERIA |
| 9 (RLIN) |
1722 |
| Término de materia o nombre geográfico como elemento inicial |
Ràdio |
| Subdivisión de forma |
Revistes |
| 650 04 - PUNTO DE ACCESO ADICIONAL DE MATERIA - TÉRMINO DE MATERIA |
| 9 (RLIN) |
875 |
| Término de materia o nombre geográfico como elemento inicial |
Publicitat |
| Subdivisión de forma |
Revistes |
| 650 04 - PUNTO DE ACCESO ADICIONAL DE MATERIA - TÉRMINO DE MATERIA |
| 9 (RLIN) |
2775 |
| Término de materia o nombre geográfico como elemento inicial |
Relacions públiques |
| Subdivisión de forma |
Revistes |
| 650 04 - PUNTO DE ACCESO ADICIONAL DE MATERIA - TÉRMINO DE MATERIA |
| 9 (RLIN) |
597 |
| Término de materia o nombre geográfico como elemento inicial |
Televisió |
| Subdivisión de forma |
Revistes |
| 710 2# - PUNTO DE ACCESO ADICIONAL - NOMBRE DE ENTIDAD |
| 9 (RLIN) |
3913 |
| Nombre de entidad o nombre de jurisdicción como elemento inicial |
Universidad Francisco de Vitoria |
| 856 40 - LOCALIZACIÓN Y ACCESO ELECTRÓNICO |
| Identificador Uniforme del Recurso (URI) |
<a href="http://dialnet.unirioja.es/servlet/revista?codigo=7220">http://dialnet.unirioja.es/servlet/revista?codigo=7220</a> |
| Texto del enlace |
Disponible en línia (Dialnet) |
| 856 40 - LOCALIZACIÓN Y ACCESO ELECTRÓNICO |
| Identificador Uniforme del Recurso (URI) |
<a href="http://www.comunicacionyhombre.com/">http://www.comunicacionyhombre.com/</a> |
| Texto del enlace |
Portal web |
| 942 ## - ENTRADA DE ELEMENTOS AGREGADOS (KOHA) |
| Fuente de clasificaión o esquema |
|
| Koha [por defecto] tipo de item |
Publicacions periòdiques |
| Marca de registro de periódicas |
1 |